La collection Road to the Knockouts de FIFA 23 - Statistiques

Statistiques générales
  • Ce quiz a été pris 164 fois
  • Le résultat moyen est 10 sur 15
Statistiques - réponses
Poste + Club Joueur Version de la carte Note % Correct
Ailier Droit - Paris Saint-Germain Lionel Messi Ligue Des Champions 92
96%
Milieu Offensif Central - Bayern Munich Thomas Muller Ligue Des Champions 88
85%
Ailier Gauche - Manchester City Phil Foden Ligue Des Champions 88
81%
Milieu Offensif Central - Arsenal Martin Odegaard Europa League 86
73%
Ailier Gauche - Stade Rennais Martin Terrier Europa League 85
73%
Milieu Central - Real Madrid Federico Valverde Ligue Des Champions 87
72%
Défenseur Central - Liverpool Ibrahima Konaté Ligue Des Champions 85
72%
Buteur - Chelsea Pierre-Emerick Aubameyang Ligue Des Champions 89
70%
Milieu Gauche - FC Nantes Moses Simon Europa League 82
67%
Défenseur Central - Borussia Dortmund Niklas Sule Ligue Des Champions 87
67%
Buteur - Villareal Gerard Moreno Conference League 87
66%
Ailier Droit - FC Barcelone Raphinha Ligue Des Champions 86
59%
Ailier Droit - Fiorentina Jonathan Ikoné Conference League 83
50%
Milieu Central - Atlético Madrid Thomas Lemar Ligue Des Champions 86
48%
Milieu Défensif Central - Lazio Rome/Latium André-Franck Zambo-Anguissa Ligue Des Champions 84
32%
Aucun quiz correspondant
Distribution des résultats
% des personnes avec chaque résultat
Percentile par nombre de réponses
Votre historique - résultats
Vous n’avez pas pris ce quiz